[Event "Moscow-chT"]
[Site "Moscow"]
[Date "2014.09.30"]
[Round "3.4"]
[White "Kim, Alexey"]
[Black "Lugovets, Dmitry"]
[Result "1-0"]
[WhiteElo "2488"]
[BlackElo "1858"]
[PlyCount "127"]
[EventDate "2014.09.27"]
[EventType "team-tourn"]
[EventRounds "11"]
[EventCountry "RUS"]
[SourceTitle "CBM 162 Extra"]
[Source "ChessBase"]
[SourceDate "2014.10.17"]
[SourceVersion "1"]
[SourceVersionDate "2014.10.17"]
[SourceQuality "1"]
[WhiteTeam "Palace"]
[BlackTeam "Karpov Chess School"]
[WhiteTeamCountry "RUS"]
[BlackTeamCountry "RUS"]

1. e4 e5 2. Nf3 Nf6 3. Nc3 Nc6 4. d4 exd4 5. Nxd4 Bb4 6. Nxc6 bxc6 7. Bd3 d5 8. exd5 cxd5 9. 0-0 0-0 10. Bg5 c6 11. Qf3 Bd6 12. h3 Bd7 13. Rfd1 Be5 14. Rab1 Rb8 15. Na4 Qa5 16. b3 c5 17. Qe3 Bd4 18. Qg3 Bxa4 19. bxa4 Rxb1 20. Rxb1 c4 21. Bf5 Re8 22. Kh2 g6 23. Rb8 Qe1 24. Bxf6 Bxf6 25. Bg4 Rxb8 26. Qxb8+ Kg7 27. Qxa7 d4 28. f4 Qe3 29. Qb8 g5 30. Bf3 gxf4 31. Qc8 h5 32. Qxc4 Bh4 33. Qf1 Qa3 34. Qb1 Qxa4 35. Bxh5 Qa3 36. Kh1 Bg3 37. Bf3 Qa5 38. Qa1 f6 39. a4 Qd2 40. Qd1 Qb4 41. Bc6 Qc3 42. Be4 Kf8 43. Bd3 Qa5 44. Qa1 Bf2 45. Qa3+ Kf7 46. Bc4+ Ke8 47. Qd3 Ke7 48. Qa3+ Kd7 49. Bb5+ Ke6 50. Qa1 Be3 51. Kh2 f3 52. gxf3 Qd2+ 53. Kh1 Kf5 54. Qf1 Kf4 55. Qg2 Bf2 56. Qg4+ Ke5 57. Qe4+ Kd6 58. Bf1 Bg3 59. Qe2 Qb4 60. Qa6+ Ke7 61. a5 Be5 62. Qe2 Qxa5 63. f4 Qa8+ 64. Kh2 1-0

[Event "Vienna op 18th"]
[Site "Vienna"]
[Date "2013.08.22"]
[Round "6"]
[White "Kim, Alexey"]
[Black "Kostic, Vladimir G"]
[Result "1-0"]
[WhiteElo "2477"]
[BlackElo "2430"]
[PlyCount "95"]
[EventDate "2013.08.17"]
[EventType "swiss"]
[EventRounds "9"]
[EventCountry "AUT"]
[SourceTitle "CBM 156 Extra"]
[Source "ChessBase"]
[SourceDate "2013.10.22"]
[SourceVersion "1"]
[SourceVersionDate "2013.10.22"]
[SourceQuality "1"]

1. e4 d6 2. d4 Nf6 3. Nc3 e5 4. Nf3 exd4 5. Nxd4 Be7 6. g3 0-0 7. Bg2 Re8 8. 0-0 c6 9. b3 a5 10. Bb2 Qb6 11. Na4 Qa7 12. c4 Na6 13. Nc2 Bd7 14. Qd2 Nc5 15. Nxc5 Qxc5 16. Ba3 Qh5 17. Bxd6 Bxd6 18. Qxd6 Bh3 19. Bxh3 Qxh3 20. f3 Rad8 21. Qf4 Nh5 22. Qf5 Qxf5 23. exf5 Re2 24. Rad1 Rxd1 25. Rxd1 Kf8 26. Ne1 Rxa2 27. Rd8+ Ke7 28. Rb8 Nf6 29. Rxb7+ Nd7 30. Nd3 Ke8 31. f4 f6 32. g4 Rd2 33. Nf2 Rd4 34. Rc7 a4 35. bxa4 Rxc4 36. Rc8+ Ke7 37. a5 c5 38. a6 Ra4 39. Rc6 Kd8 40. Rd6 Kc7 41. Re6 Kd8 42. Ne4 Nf8 43. Rb6 Nd7 44. Rb7 Rxe4 45. a7 Ra4 46. Rb8+ Kc7 47. a8Q Rxa8 48. Rxa8 1-0

[Event "Vienna op 18th"]
[Site "Vienna"]
[Date "2013.08.20"]
[Round "4"]
[White "Kim, Alexey"]
[Black "Kirschner, Alexander"]
[Result "1-0"]
[WhiteElo "2477"]
[BlackElo "2276"]
[PlyCount "71"]
[EventDate "2013.08.17"]
[EventType "swiss"]
[EventRounds "9"]
[EventCountry "AUT"]
[SourceTitle "CBM 156 Extra"]
[Source "ChessBase"]
[SourceDate "2013.10.22"]
[SourceVersion "1"]
[SourceVersionDate "2013.10.22"]
[SourceQuality "1"]

1. e4 e6 2. d4 d5 3. Nc3 Bb4 4. e5 c5 5. a3 Bxc3+ 6. bxc3 Qa5 7. Bd2 Qa4 8. Qg4 g6 9. Qf4 c4 10. Kd1 Nc6 11. h4 h6 12. Qg3 Nge7 13. h5 g5 14. f4 Nf5 15. Qf3 gxf4 16. Qxf4 Bd7 17. g4 Nfe7 18. Nf3 0-0-0 19. Qf6 Rh7 20. g5 Ng8 21. Qf4 Nge7 22. gxh6 Rdh8 23. Be2 Nd8 24. Ng5 Rxh6 25. Nxf7 Nxf7 26. Qxf7 R6h7 27. Qf6 Nf5 28. Rg1 Qa5 29. Kc1 Kc7 30. Bg4 Ne3 31. Bxe6 Rh6 32. Rg6 Rxh5 33. Bxd7 Rh1+ 34. Kb2 Rxa1 35. Qd6+ Kd8 36. Bc6+ 1-0